[Event "52nd Iran-ch Men Final 2019"]
[Site "Bushehr"]
[Date "2019.01.31"]
[Round "8"]
[White "Firouzja, Alireza"]
[Black "Moradi, Amirmasoud"]
[Result "1-0"]
[WhiteElo "2618"]
[BlackElo "2321"]
[Annotator "TA"]
[PlyCount "77"]
[EventDate "2019.01.24"]
[EventType "tourn"]
[EventCountry "IRI"]
[SourceTitle "playchess.com"]
[Source "ChessBase"]
[SourceQuality "1"]

{[%evp 29,77,16,45,43,77,61,59,57,100,90,100,50,117,106,139,135,143,133,137,138,157,137,223,210,208,175,298,309,399,326,623,625,610,595,613,606,993,882,865,866,854,866,855,837,882,862,837,777,767,749]} 1. e4 e5 2. Nf3 Nc6 3. Bb5 {[%cal Bf1b5,Bb5a4,Ba4b3][%mdl 32]} a6 4. Ba4 Nf6 5. O-O Be7 6. Re1 b5 7. Bb3 O-O 8. c3 d6 9. h3 Bb7 10. d4 Re8 11. Nbd2 Bf8 12. a3 g6 13. Ba2 Bg7 14. b4 Qd7 {C92: Closed Ruy Lopez: 9...Be6, Karpov and Flohr-Zaitsev Variations} (14... exd4 15. cxd4 a5 16. Qb3 Qd7 17. Bb2 axb4 18. axb4 Ra4 19. Bc3 Nh5 20. Bb1 Rxa1 21. Bxa1 Nf4 22. Bc3 {1-0 (77) Inarkiev,E (2723)-Oparin,G (2625) Moscow 2017}) 15. Bb2 h6 {LiveBook: 3 Games} 16. d5 $146 ({Predecessor:} 16. Rc1 Rad8 17. d5 Ne7 18. c4 c6 19. dxc6 Nxc6 20. cxb5 axb5 21. Nb3 Ba8 22. Qe2 {0-1 (39) Simacek,P (2485)-Sabuk,P (2300) Legnica 2013}) 16... Ne7 {White is slightly better.} 17. c4 {[%cal Bc3c4,Bc4c5][%mdl 32]} Nh5 18. c5 {Black must now prevent c6.} Bc8 19. a4 Nf4 20. Nf1 g5 ({Better is} 20... f5 $14) 21. Ne3 $16 Neg6 22. Bb3 Rb8 23. axb5 axb5 24. Ra7 Qd8 25. Kh2 h5 (25... Nh5 $16 26. Kg1 Nf6) 26. Ng1 $18 g4 27. g3 gxh3 (27... h4 $142 28. Nxg4 (28. gxf4 exf4 29. Bxg7 fxe3 $16) 28... Nh5) 28. Nf5 ({Not} 28. gxf4 exf4 29. Bxg7 Qh4 $16) 28... Qg5 29. Nf3 Qg4 $2 {[#]} (29... Qf6 30. Bc2 (30. Rxc7 Ng2 $16) 30... Bxf5 31. exf5 Ra8) 30. Ne3 {White is clearly winning.} Qd7 {and the idea ...Ng2 leaves Black hopeful.} 31. Nf5 Ng2 32. Rg1 Ne7 {[#]} 33. Nxd6 $1 {[%mdl 512]} cxd6 34. Rxd7 Bxd7 35. Ng5 Bg4 36. f3 Bd7 37. c6 Bc8 38. Nxh3 Ne3 39. Qe2 {Precision: White = 88%, Black = 36%.} 1-0

[Event "52nd Iran-ch Men Final 2019"]
[Site "Bushehr"]
[Date "2019.01.31"]
[Round "8"]
[White "Idani, Pouya"]
[Black "Ghaem Maghami, Ehsan"]
[Result "1-0"]
[WhiteElo "2611"]
[BlackElo "2533"]
[Annotator "TA"]
[PlyCount "75"]
[EventDate "2019.01.24"]
[EventType "tourn"]
[EventCountry "IRI"]
[SourceTitle "playchess.com"]
[Source "ChessBase"]
[SourceQuality "1"]

{[%evp 13,75,0,42,26,35,35,32,39,32,27,62,0,92,99,57,35,59,0,34,53,80,1,4,15,5,28,21,0,2,-27,5,-2,-26,-43,-44,-96,0,-43,132,119,113,128,290,175,210,222,401,395,471,468,487,486,440,426,458,452,416,438,418,437,918,857,1710,1660]} 1. e4 e6 2. d4 d5 3. e5 c5 4. c3 Nc6 5. Nf3 Qb6 ({Predecessor:} 5... Bd7 6. a3 f6 7. Bd3 {½-½ (30) Giuntoli,A (2000)-Zucconi,L (2111) Lucca 2009}) 6. a3 f6 7. Bd3 Bd7 8. b4 $146 {C02: French: Advance Variation} (8. O-O c4 9. Bc2 O-O-O 10. Re1 Nge7 11. h4 h6 12. a4 Rg8 13. Re2 Na5 14. Nbd2 Nec6 15. Rb1 Qc7 {1-0 (84) Savchenko,B (2613)-Zanan,E (2435) Budapest 2017}) 8... c4 9. Bc2 a5 {[%cal Ra5b4]} 10. b5 {White is slightly better.} ({Predecessor:} 10. Bb2 fxe5 11. dxe5 Nh6 12. O-O Be7 13. Nbd2 Nf7 14. Re1 O-O 15. Nxc4 Qc7 {½-½ (30) Giuntoli,A (2000)-Zucconi,L (2111) Lucca 2009}) 10... Qxb5 11. a4 Qb6 12. O-O ({Better is} 12. Na3 $1 $14) 12... Nge7 (12... Nb4 $11 {remains equal.}) 13. Na3 $16 {[%mdl 1024] White has strong compensation.} Na7 14. Rb1 Qc7 15. Re1 ({White should try} 15. exf6 $14 gxf6 16. g3) 15... O-O-O 16. g3 Ng8 17. Bf4 (17. exf6 $16 gxf6 18. Nh4) 17... f5 18. Nb5 Nxb5 19. axb5 Qb6 20. Rb2 h6 21. Qa1 Kc7 22. h4 Ne7 23. Be3 Ra8 24. Nd2 {[#]} (24. Kg2 $15) 24... a4 (24... Nc8 $1 $17) 25. Rb4 Kd8 $2 {[#]} (25... f4 $1 $15 26. gxf4 Nf5 27. Rxa4 Rxa4 28. Qxa4 Bxb5) 26. Nxc4 $1 {[%mdl 512]} dxc4 27. d5 $1 Nxd5 $2 (27... Qc7 $16 28. d6 {[%mdl 64] Double Attack} Qc8) 28. Bxb6+ Nxb6 29. Qd1 {And now Qd4 would win.} Kc7 $2 (29... Bc5 30. Bxf5 a3) 30. Qd4 $18 Rd8 31. Rxc4+ Bc6 32. Qf4 ({Weaker is} 32. bxc6 Rxd4 33. Rxd4 Bc5 $11) 32... g5 33. hxg5 hxg5 {[%csl Gc6][%cal Rh8h1]} 34. Rxc6+ $1 bxc6 35. Qxg5 cxb5 36. Rb1 ({Not} 36. Qf6 Bc5 $16) 36... Rd7 (36... a3 $142 37. Bb3 Rh6) 37. Rxb5 Rdh7 38. Qe3 {Accuracy: White = 57%, Black = 41%.} 1-0

[Event "52nd Iran-ch Men Final 2019"]
[Site "Bushehr"]
[Date "2019.01.31"]
[Round "8"]
[White "Mosadeghpour, Masoud"]
[Black "Darini, Pouria"]
[Result "1-0"]
[WhiteElo "2517"]
[BlackElo "2475"]
[Annotator "TA"]
[PlyCount "75"]
[EventDate "2019.01.24"]
[EventType "tourn"]
[EventCountry "IRI"]
[SourceTitle "playchess.com"]
[Source "ChessBase"]
[SourceQuality "1"]

{[%evp 15,75,8,25,16,10,20,50,22,31,12,29,16,16,18,23,14,35,54,33,29,52,56,50,50,50,49,48,52,52,52,36,40,56,45,42,40,57,62,64,71,74,68,78,-8,-13,-12,-13,-6,0,-42,-38,-41,-30,-27,0,0,0,0,0,13,5614,5598]} 1. e4 e5 2. Nf3 Nc6 3. Bb5 Nf6 4. d3 Bc5 5. c3 d5 6. exd5 {C65: Ruy Lopez: Berlin Defence (3...Nf6), unusual lines and 4 0-0 Bc5} Qxd5 7. Bc4 Qd6 8. O-O (8. b4 Bb6 9. Nbd2 O-O 10. a4 Bf5 11. Ba3 e4 12. dxe4 Nxe4 13. Nxe4 Bxe4 14. Qxd6 cxd6 {1-0 (53) Caruana,F (2832)-Aronian,L (2765) London 2018}) 8... O-O {LiveBook: 8 Games} 9. Nbd2 a5 $146 ({Predecessor:} 9... Bb6 10. h3 a6 11. Ne4 Nxe4 12. dxe4 Qg6 13. Kh2 Qxe4 14. Bd3 {1-0 (14) Malakhov,V (2686)-Bosiocic,M (2624) Riadh 2017}) 10. Ng5 {[#] Threatens to win with Nde4.} Qd7 11. a4 Qg4 12. Ngf3 Bf5 13. h3 Qh5 $1 14. Re1 Rad8 15. Nf1 Bxd3 16. Bxd3 e4 $1 17. Ng3 Qg6 18. Nxe4 Nxe4 19. Be3 (19. Rxe4 $2 {[#]} Qxe4 $1 {[%mdl 512]} 20. Nd4 Qd5 $19) 19... Bxe3 20. Rxe3 Qd6 $1 21. Qc2 Nf6 22. Rae1 {[%cal Ba1e1,Be1e3,Be3d3][%mdl 32]} g6 23. Bc4 Rde8 24. Qb3 Rxe3 25. Rxe3 b6 26. Qb5 Ne7 27. Rd3 Qf4 28. g3 Qf5 $1 29. Ne5 (29. g4 $16 Qxb5 30. Bxb5 (30. axb5 h6 $11)) 29... c6 $1 $11 {[%cal Rc6b5]} (29... Qxh3 $2 30. Rf3 $18) 30. Nxc6 Nxc6 31. Qxc6 Rc8 32. Qb5 {Qxf5 is the strong threat.} (32. Bxf7+ $5 Kxf7 33. Qb7+ Kg8 34. Qxb6 $15) 32... Rc5 $1 {[%cal Rc5b5]} 33. Qa6 Ne4 34. f4 {Hoping for Ba2.} Nxg3 (34... Kg7 $5 {[%cal Rf5h3]} 35. Kg2 Nf6 $11) 35. Rxg3 {And now Rf3 would win.} Qxf4 36. Rg4 Qe3+ 37. Kg2 {Strongly threatening Qa8+.} Rf5 $2 {[%mdl 8192]} (37... h5 $11 38. Rxg6+ Kh7) 38. Qc8+ {Precision: White = 67%, Black = 57%.} 1-0

[Event "52nd Iran-ch Men Final 2019"]
[Site "Bushehr"]
[Date "2019.01.31"]
[Round "8"]
[White "Tahbaz, Arash"]
[Black "Gholami, Aryan"]
[Result "1/2-1/2"]
[WhiteElo "2468"]
[BlackElo "2488"]
[Annotator "TA"]
[PlyCount "110"]
[EventDate "2019.01.24"]
[EventType "tourn"]
[EventCountry "IRI"]
[SourceTitle "playchess.com"]
[Source "ChessBase"]
[SourceQuality "1"]

{[%evp 13,110,18,26,26,64,26,23,15,25,27,22,23,27,20,18,27,24,20,25,28,26,28,19,19,21,0,22,30,74,72,90,90,90,90,106,94,94,77,139,22,13,-85,-81,-91,-77,-110,-30,-8,0,0,8,8,8,8,8,8,8,0,8,8,8,8,8,8,8,8,8,8,8,8,8,8,8,0,8,8,8,8,8,8,8,8,8,8,8,8,8,8,8,8,8,8,8,8,8,8,8,8,8]} 1. e4 c6 2. d4 d5 3. e5 Bf5 4. Nf3 e6 5. Be2 c5 6. Be3 Qb6 7. Nc3 Nc6 8. O-O {B12: Caro-Kann: Advance Variation} Qxb2 9. Qe1 (9. Nb5 $5 {[%cal Rb5c7]} Rc8 10. dxc5 $16) 9... cxd4 10. Bxd4 {White has an edge.} Nxd4 ({But not} 10... Qxc2 $2 11. Rc1 $18) ({Not} 10... Bxc2 $2 11. Nb5 $18) 11. Nxd4 Bb4 12. Rb1 Bxc3 13. Rxb2 Bxe1 14. Rxe1 b6 $1 15. Bb5+ Kf8 16. Nxf5 exf5 {[#]} 17. Rb3 $146 Ne7 18. Rc3 Rc8 19. Rxc8+ Nxc8 $11 {[%mdl 4096] Endgame KRB-KRN} 20. Rd1 Ke7 21. Rxd5 Rd8 22. c4 f4 23. Kf1 Rxd5 24. cxd5 $16 {KB-KN} Kd8 25. Bd3 b5 (25... Ne7 $142) 26. Bxh7 (26. d6 $16) 26... Nb6 $1 $11 27. d6 {[#]} (27. Be4 $11 {remains equal.}) 27... Nd7 $1 $17 28. Bf5 Nxe5 29. h4 Nc4 ({Black should play} 29... b4 $17) 30. Ke2 $11 Nxd6 {The position is equal.} (30... g6 {seems wilder.} 31. Bd3 Kd7 32. a4 a6 33. axb5 axb5 34. g4 fxg3 35. fxg3 Kxd6 36. g4 Ne5) 31. Bd3 Ke7 32. Kf3 Ke6 33. Kxf4 a5 34. g4 b4 35. h5 f6 36. Ke3 Kd5 37. f4 a4 $1 38. g5 fxg5 39. fxg5 b3 40. a3 Ke5 41. Kd2 {Black should prevent Kc3.} Nf5 $1 42. Bb5 Nd6 43. Bd3 {h6 is the strong threat.} Nf5 $1 44. Kc3 {[#] Black must now prevent Kb4.} Kf4 $1 45. g6 Kg5 $1 46. Kb4 Nd4 $1 47. Kxa4 {And now Kb4 would win.} Kxh5 48. Kb4 Nc2+ $1 49. Kxb3 Nxa3 $1 50. Kxa3 {KB-KP} Kg5 51. Kb4 {White threatens Kc5 and mate.} Kf6 52. Kc5 {Threatening mate with Kd6.} Ke7 53. Bc4 {Hoping for Kd5.} Kf8 54. Kd6 {Strongly threatening Bb5.} Ke8 55. Ba2 {Threatens to win with Bf7+.} Kf8 $1 {Accuracy: White = 67%, Black = 85%.} 1/2-1/2

[Event "52nd Iran-ch Men Final 2019"]
[Site "Bushehr"]
[Date "2019.01.31"]
[Round "8"]
[White "Gholami Orimi, Mahdi"]
[Black "Pourramezanali, Amirreza"]
[Result "0-1"]
[WhiteElo "2377"]
[BlackElo "2528"]
[Annotator "TA"]
[PlyCount "50"]
[EventDate "2019.01.24"]
[EventType "tourn"]
[EventCountry "IRI"]
[SourceTitle "playchess.com"]
[Source "ChessBase"]
[SourceQuality "1"]

{[%evp 15,50,3,0,0,1,0,16,0,-3,-3,0,0,0,0,0,0,-11,-12,-7,-14,0,11,5,10,10,-20,-17,-385,-354,-1075,-1068,-1028,-986,-936,-792,-761,-770]} 1. d4 e6 $146 ({Predecessor:} 1... d5 2. c4 c6 3. Nc3 Nf6 4. e3 {½-½ (15) Dreev,A (2697)-Zherebukh,Y (2560) Aix les Bains 2011}) 2. c4 d5 3. Nc3 c6 4. e3 Nf6 5. Nf3 Nbd7 6. Qc2 Bd6 7. b3 O-O 8. Bb2 e5 9. Be2 {D45: Semi-Slav: 5 e3} e4 10. Nd2 Nb8 11. cxd5 {The position is equal.} cxd5 12. Nb5 Bg4 13. Bxg4 Nxg4 14. h3 Nh6 15. Nxd6 Qxd6 16. Qc5 Qd7 17. Rc1 Na6 18. Qa5 Nf5 19. O-O Rfe8 20. b4 Re6 {next ...Nh4 is good for Black.} 21. Rfd1 $2 {[%mdl 8192] [#]} (21. Nc4 $1 $11 {and White is okay.}) 21... Nh4 $1 $19 22. Nf1 $2 {[#]} (22. Kf1 Rf6 23. Nxe4 dxe4 24. Qg5) 22... Nf3+ $1 {[%mdl 512] Black is clearly winning.} 23. gxf3 Rg6+ {[%mdl 64] Discovered Attack} 24. Ng3 exf3 25. Kf1 {[#]} Rxg3 $1 {[%mdl 512] Accuracy: White = 54%, Black = 89%.} 0-1

[Event "52nd Iran-ch Men Final 2019"]
[Site "Bushehr"]
[Date "2019.01.31"]
[Round "8"]
[White "Daghli, Arash"]
[Black "Khodashenas, Mersad"]
[Result "0-1"]
[WhiteElo "2366"]
[BlackElo "2455"]
[Annotator "TA"]
[PlyCount "80"]
[EventDate "2019.01.24"]
[EventType "tourn"]
[EventCountry "IRI"]
[SourceTitle "playchess.com"]
[Source "ChessBase"]
[SourceQuality "1"]

{[%evp 16,80,33,20,25,11,11,5,13,12,17,13,24,0,0,-25,-6,0,-6,-12,-12,-16,-13,-77,-64,-78,-69,-69,-70,-83,-80,-85,-79,-70,-39,-45,0,-127,-114,-145,-143,-144,-150,-295,-290,-610,-598,-1177,-650,-1332,-1332,-689,-1320,-29966,-29967,-29967,-29968,-29959,-29961,-29946,-12655,-29965,-29965,-29983,-29977,-29993,-29994]} 1. d4 Nf6 2. c4 e6 3. Nf3 Bb4+ 4. Bd2 Qe7 5. g3 Nc6 6. Bg2 Bxd2+ 7. Nbxd2 d6 8. O-O a5 9. Nb1 e5 {E11: Bogo-Indian} 10. d5 $146 ({Predecessor:} 10. Nc3 O-O 11. d5 {½-½ (55) Markus,R (2620)-Tratar,M (2493) Nova Gorica 2010}) 10... Nb8 11. Nc3 O-O {The position is equal.} 12. e4 ({Predecessor:} 12. Ne1 Na6 {½-½ (55) Markus,R (2620)-Tratar,M (2493) Nova Gorica 2010}) 12... Na6 13. Ne1 Nc5 14. Nd3 ({Predecessor:} 14. Nc2 Bd7 15. Qd2 h5 16. h4 g6 17. b3 {½-½ (55) Markus,R (2620)-Tratar,M (2493) Nova Gorica 2010}) 14... Nfd7 15. Na4 b6 16. Naxc5 Nxc5 17. Nxc5 bxc5 18. f4 Rb8 19. Qc2 (19. Qe2 $1 $11) 19... exf4 $1 $17 20. gxf4 {[#]} f5 $1 21. Rae1 fxe4 22. Bxe4 Qh4 23. Re3 Bd7 24. b3 a4 25. bxa4 Rxf4 26. Rxf4 (26. Bxh7+ $1 $11 Kh8 27. Bd3 (27. Rxf4 $2 Qxf4 28. Qf2 Qg4+ 29. Qg3 Kxh7 $19)) 26... Qxf4 27. Rf3 ({Don't go for} 27. Bxh7+ $2 Kh8 $19) 27... Qh4 {Threatens to win with ...Re8.} 28. Rg3 Qf6 $40 {[%mdl 128] Black wants a kill.} 29. Rb3 {[#]} ({Avoid the trap} 29. Bxh7+ $2 Kh8 $19) (29. Rf3 $17 {might work better.} Qd4+ 30. Kh1 Qa1+ 31. Kg2) 29... Re8 $1 $19 30. Re3 $2 (30. Bxh7+ Kh8 31. Rb1) 30... Qd4 31. Kf2 {and the idea Qd3 leaves White hopeful.} Bf5 32. Kf3 {[#]} Bg4+ $1 {[%mdl 576] Deflection} 33. Kxg4 Qxe3 34. Bxh7+ {[%mdl 4096] Endgame KQR-KQB} Kh8 35. Bf5 Qg1+ 36. Kh4 Qe1+ 37. Kg4 Re2 38. Qb3 Qg1+ {[%mdl 64] Double Attack. Black mates.} 39. Kh4 Qxh2+ 40. Kg5 Rg2+ {Accuracy: White = 37%, Black = 81%.} 0-1

[Event "52nd Iran-ch Men Final 2019"]
[Site "Bushehr"]
[Date "2019.02.01"]
[Round "9"]
[White "Ghaem Maghami, Ehsan"]
[Black "Mosadeghpour, Masoud"]
[Result "1/2-1/2"]
[WhiteElo "2533"]
[BlackElo "2517"]
[Annotator "TA"]
[PlyCount "120"]
[EventDate "2019.01.24"]
[EventType "tourn"]
[EventCountry "IRI"]
[SourceTitle "playchess.com"]
[Source "ChessBase"]
[SourceQuality "1"]

{[%evp 21,120,0,0,-2,0,0,36,35,36,31,77,70,93,54,46,43,59,46,133,32,32,29,25,0,72,72,55,55,110,52,146,110,117,116,115,82,85,72,80,71,88,90,123,134,119,119,143,100,91,58,146,131,397,397,572,565,1247,1254,1154,750,791,791,748,728,670,218,468,502,501,485,477,481,871,879,869,760,29970,29971,29971,29972,29972,29973,29972,29974,29974,29974,29975,29974,29971,0,0,0,0,0,0,0,0,0,0,0,0]} 1. Nf3 $146 (1. d4 Nf6 2. Nf3 {½-½ (72) Bareev,E (2666)-Vidit,S (2711) Batumi 2018}) ({Predecessor:} 1. d4 Nf6 2. c4 e6 3. Nf3 {1-0 (40) Sebenik,M (2526)-Petrov,M (2458) Baku 2016}) 1... d5 2. d4 Nf6 3. c4 e6 4. g3 Bb4+ 5. Bd2 Be7 6. Bg2 O-O 7. O-O c6 8. Qc2 Nbd7 9. Bf4 b6 10. Rd1 Ba6 11. b3 Rc8 12. Nc3 {E15: Queen's Indian: 4 g3 sidelines, 4 g3 Ba6 and 4 g3 Bb7 early deviations} Nh5 (12... h6 13. e4 dxc4 14. Nd2 b5 15. bxc4 bxc4 16. Na4 g5 17. Be3 Ng4 18. Nf1 Qc7 19. Bd2 c5 20. d5 Nde5 21. h3 Nf6 {½-½ (72) Bareev,E (2666)-Vidit,S (2711) Batumi 2018}) 13. Bc1 f5 14. Bb2 {White is slightly better.} ({Predecessor:} 14. e3 Bd6 {1-0 (40) Sebenik,M (2526)-Petrov,M (2458) Baku 2016}) 14... Bd6 15. e3 g5 16. a4 Qf6 ({Predecessor:} 16... Rf7 17. a5 b5 18. c5 Bc7 19. Qe2 Ng7 {1-0 (40) Sebenik,M (2526)-Petrov,M (2458) Baku 2016}) 17. c5 Bb8 18. cxb6 axb6 19. a5 b5 (19... bxa5 $14 20. Rxa5 Bb7) 20. Qe2 ({White should play} 20. Ba3 $16) 20... g4 $14 21. Ne1 Bd6 22. Na2 Qd8 (22... Qe7 $1 $11) 23. Nc2 Nhf6 24. Nab4 $36 {[%mdl 2048] White is more active.} Bb7 (24... Nb8 $14) 25. Nd3 (25. a6 $16 Ba8 26. Nd3) 25... h5 (25... Ra8 $14) 26. Ba3 Bxa3 27. Rxa3 h4 28. Qd2 Ne4 29. Qb4 Qf6 30. a6 Ba8 31. Nce1 hxg3 32. hxg3 Rf7 33. Rc1 Qh6 {intending ...Nxg3.} 34. Kf1 e5 35. dxe5 Re8 (35... c5 $1 $14 36. Qxb5 d4) 36. a7 c5 $2 {[%mdl 8192]} (36... Nxe5 $16 37. Nxe5 Rxe5) 37. Qxb5 $18 d4 (37... Bc6 $142) 38. Ra6 Nxg3+ 39. fxg3 Bxg2+ 40. Nxg2 Qh1+ 41. Kf2 dxe3+ 42. Kxe3 Qxg2 43. Rca1 $2 (43. Rxc5 Rd8 44. Rd6 Qxg3+ 45. Kd2) 43... f4+ $2 (43... Ra8 44. Rd6 Nf8 45. Qxc5 Qxg3+ 46. Kd2 Qg2+ 47. Kc3 Qe4) 44. gxf4 Rh7 {[%cal Rh7h3] [#]} 45. Nxc5 ({Avoid the trap} 45. Qc4+ $2 Kg7 $19) 45... Rh3+ 46. Kd4 Qf2+ (46... Qd2+ $142 47. Nd3 Qe3+ 48. Kd5 Ra8) 47. Kd5 Qd2+ 48. Kc6 Nxc5 49. Qc4+ Kg7 50. a8=Q Rxa8 51. Rxa8 Qd7+ 52. Kxc5 Qc7+ 53. Kd5 Qd7+ 54. Ke4 Qb7+ {[#]} 55. Kf5 $2 (55. Qd5 $1 {mates} Re3+ 56. Kf5 (56. Kd4 Rd3+ 57. Kxd3 Qxd5+ 58. Kc2 Qe4+ 59. Kc3 Qf3+ 60. Kd4 Qxf4+ 61. Kd5 Qf3+ 62. Kd4 Qf4+ 63. Kd5 Qf3+ 64. Kd4 Qf4+ $11) 56... Qxd5 57. R1a7+ Qf7+ 58. Rxf7+ Kxf7 59. Ra7+ Ke8 60. Kxg4) 55... Rh5+ $11 {The position is equal.} 56. Kxg4 {Qg8+ would kill now.} Qg2+ $1 57. Kxh5 {[%csl Ga8][%cal Rc4g8]} Qh3+ 58. Kg5 {[%csl Ga8][%cal Rc4g8]} Qg3+ 59. Kh5 {[%csl Ga8][%cal Rc4g8]} Qh3+ 60. Kg5 {[%csl Ga8][%cal Rc4g8]} Qg3+ {Accuracy: White = 52%, Black = 30%.} 1/2-1/2

[Event "52nd Iran-ch Men Final 2019"]
[Site "Bushehr"]
[Date "2019.02.01"]
[Round "9"]
[White "Pourramezanali, Amirreza"]
[Black "Firouzja, Alireza"]
[Result "0-1"]
[WhiteElo "2528"]
[BlackElo "2618"]
[Annotator "TA"]
[PlyCount "102"]
[EventDate "2019.01.24"]
[EventType "tourn"]
[EventCountry "IRI"]
[SourceTitle "playchess.com"]
[Source "ChessBase"]
[SourceQuality "1"]

{[%evp 16,102,47,41,48,13,15,11,5,-37,-31,-43,-37,-42,-39,-45,-50,-55,-54,-56,-53,-90,-94,-159,-162,-151,-157,-159,-153,-154,-163,-165,-117,-115,-118,-135,-132,-133,-129,-130,-125,-154,-133,-121,-121,-135,-135,-115,-116,-140,-141,-143,-143,-187,-188,-206,-206,-217,-217,-223,-204,-252,-222,-256,-204,-225,-212,-220,-184,-200,-176,-259,-270,-299,-293,-532,-440,-430,-299,-29964,-29962,-29965,-29962,-29965,-29967,-29977,-29978,-29979,-29980]} 1. e4 Nf6 2. e5 Nd5 3. d4 d6 4. Nf3 g6 5. Bc4 Nb6 6. Bb3 Bg7 ({Predecessor:} 6... Nc6 7. Ng5 e6 8. Qf3 Qe7 9. Ne4 h6 10. Bf4 {0-1 (79) Hartvig,O (2201)-Bach,M (2339) Esbjerg 2006}) 7. Ng5 e6 8. Qf3 Qe7 9. Ne4 $1 {And now Bg5 would win.} h6 $146 {B04: Alekhine's Defence: 4 Nf3} (9... dxe5 10. dxe5 N8d7 11. Bg5 Qb4+ 12. Nbc3 Bxe5 13. O-O-O f5 14. Bxe6 h6 15. a3 Qf8 16. Be3 fxe4 17. Qxe4 {1-0 (43) Lupulescu,C (2631)-Sviridov,V (2504) Minsk 2017}) 10. Bf4 {[%cal Re5d6]} (10. exd6 {looks sharper.} cxd6 11. Bf4 d5 12. Nd6+ Kf8 13. Nxc8 Nxc8 14. c3) 10... Nc6 11. exd6 Nxd4 {The position is equal.} 12. dxe7 ({Predecessor:} 12. Qg3 cxd6 13. Bxd6 Nf5 14. Bxe7 Nxg3 15. Bf6 Bxf6 16. Nxf6+ {0-1 (79) Hartvig,O (2201)-Bach,M (2339) Esbjerg 2006}) 12... Nxf3+ 13. gxf3 {Hoping for Nbc3.} Bxb2 14. Nbc3 Bxa1 15. Be5 f5 16. Bxh8 {aiming for Nc5.} fxe4 17. Rg1 c5 {...c4 is the strong threat.} 18. Rxg6 c4 19. Bf6 {[#]} (19. fxe4 $142 cxb3 20. axb3) 19... Bd7 $1 $17 20. Nxe4 {[%cal Re4d6]} Bxf6 21. Rxf6 cxb3 22. axb3 Kxe7 23. Rxh6 Rf8 24. Rh7+ Kd8 25. Ke2 Bc6 26. h4 Nd7 27. Ng5 Kc8 28. Re7 Ne5 {[%cal Re5f3]} 29. Rxe6 Bxf3+ 30. Nxf3 Nxf3 {[%mdl 4096] Endgame KRN-KR} 31. Re4 Kd7 32. Rg4 Ne5 33. Rg7+ Nf7 34. Rg4 Rh8 35. Rd4+ Nd6 36. Kf3 Ke6 37. Ra4 a6 38. Kg4 Rg8+ 39. Kf3 Rf8+ 40. Rf4 Rc8 41. c4 Ke5 42. Rg4 Rf8+ 43. Kg2 (43. Ke3 $142) 43... Nf5 $19 44. b4 Rd8 45. c5 $2 (45. Kh2 {keeps fighting.}) 45... Rd4 46. Kh3 Kf6 47. h5 $2 {[#]} (47. f3 $19) 47... Rxg4 {Black mates.} 48. Kxg4 Nd4 49. Kf4 Nc6 50. b5 axb5 51. Ke4 Kg5 {Accuracy: White = 30%, Black = 97%.} 0-1